Name The Program / Film Based On The Image - Statistics

General Stats
  • This quiz has been taken 25 times
  • The average score is 8 of 8
Answer Stats
Picture Answer % Correct
Frozen
100%
Spiderman
100%
Star Wars
100%
Toy Story
100%
Cars
94%
Cinderella
94%
Minions
94%
Little Mermaid
89%
No matching quizzes found
Score Distribution
Percent of People with Each Score
Percentile by Number Answered
Your Score History
You have not taken this quiz